Tea industry in India: A diagnostic analysis of its geoeconomic aspects (Record no. 28638)

MARC details
000 -LEADER
fixed length control field 00318nam a2200109Ia 4500
082 ## - DEWEY DECIMAL CLASSIFICATION NUMBER
Classification number 663.95(540)
Item number CHA
100 ## - MAIN ENTRY--AUTHOR NAME
Personal name Chaudhuri, M R
245 #0 - TITLE STATEMENT
Title Tea industry in India: A diagnostic analysis of its geoeconomic aspects
260 ## - PUBLICATION, DISTRIBUTION, ETC. (IMPRINT)
Place of publication Calcutta
Name of publisher Oxford
Year of publication 1978
942 ## - ADDED ENTRY ELEMENTS (KOHA)
Koha item type Books
Holdings
Withdrawn status Lost status Damaged status Not for loan Home library Current library Date acquired Cost, normal purchase price Full call number Accession Number Koha item type
        RRII Library RRII Library 16/12/2021 40.00 663.95(540) CHA 09233 Books